000
00312nam a2200133Ia 4500
005
20260326235457.0
008
260326s9999||||xx |||||||||||||| ||und||
100
_a
Lanini, Luca
245
0
_a
Vázquez Consuegra /
_c
Luca Lanini
260
_b
Edil Stampa
300
_a
167 p.
650
_a
ARQUITECTOS
942
_c
BK
999
_c
7969
_d
7969